Contract-I and specific relief act (Record no. 154316)

MARC details
000 -LEADER
fixed length control field 00388nam a2200157Ia 4500
008 - FIXED-LENGTH DATA ELEMENTS--GENERAL INFORMATION
fixed length control field 230917s9999||||xx |||||||||||||| ||und||
040 ## - CATALOGING SOURCE
-- 151858
Original cataloging agency VIVEKANANDA LIBRARY
041 ## - Language
-- English
082 ## - DDC NUMBER
Classification number 346.022 K141C(12)
100 ## - MAIN ENTRY--PERSONAL NAME
Personal name Kapoor, S.K.
245 #0 - TITLE STATEMENT
Title Contract-I and specific relief act
250 ## - EDITION STATEMENT
Edition statement 12th ed.
260 ## - PUBLICATION, DISTRIBUTION, ETC. (IMPRINT)
Place of publication, distribution, etc Allahabad
Name of publisher, distributor, etc Central law
Date of publication, distribution, etc 2010
300 ## - PHYSICAL DESCRIPTION
Pages vp p.
942 ## - ADDED ENTRY ELEMENTS (KOHA)
Koha item type Books
Holdings
Withdrawn status Lost status Damaged status Not for loan Location (home branch) Sublocation or collection (holding branch) Date acquired Koha issues (times borrowed) Koha full call number Accession No. Koha date last seen Koha item type
        VIVEKANANDA LIBRARY VIVEKANANDA LIBRARY 07/04/2010 1 346.022 K141C(12) 280608 14/10/2023 Books
        VIVEKANANDA LIBRARY VIVEKANANDA LIBRARY 07/04/2010 1 346.022 K141C(12) 316103 11/10/2025 Books
        VIVEKANANDA LIBRARY VIVEKANANDA LIBRARY 07/04/2010 7 346.022 K141C(12) 316104 17/09/2025 Books
        VIVEKANANDA LIBRARY VIVEKANANDA LIBRARY 07/04/2010 5 346.022 K141C(12) 316105 29/12/2025 Books
        VIVEKANANDA LIBRARY VIVEKANANDA LIBRARY 07/04/2010 1 346.022 K141C(12) 316106 04/06/2025 Books
        VIVEKANANDA LIBRARY VIVEKANANDA LIBRARY 07/04/2010 1 346.022 K141C(12) 316107 23/12/2023 Books
        VIVEKANANDA LIBRARY VIVEKANANDA LIBRARY 07/04/2010 2 346.022 K141C(12) 316108 23/11/2024 Books
        VIVEKANANDA LIBRARY VIVEKANANDA LIBRARY 07/04/2010 1 346.022 K141C(12) 316109 14/03/2026 Books
        VIVEKANANDA LIBRARY VIVEKANANDA LIBRARY 07/04/2010 2 346.022 K141C(12) 316110 23/11/2024 Books
        VIVEKANANDA LIBRARY VIVEKANANDA LIBRARY 07/04/2010   346.022 K141C(12) 316111 17/09/2023 Books
        VIVEKANANDA LIBRARY VIVEKANANDA LIBRARY 07/04/2010   346.022 K141C(12) 316112 17/09/2023 Books
© Designed and Maintained by Vivekananda Library, MDU Rohtak